| 000 | 02619cam a22005414i 4500 | ||
|---|---|---|---|
| 003 | PE-LiUPU | ||
| 005 | 20250731184530.0 | ||
| 008 | 150623s1995 enka rb 000 0 eng d | ||
| 020 | _a9780714109879 | ||
| 020 | _a0714109878 | ||
| 035 | _a(Sirsi) i9780714109879 | ||
| 040 |
_aPE-LiUPU _bspa _cPE-LiUPU _erda |
||
| 049 | _aPRUA | ||
| 082 | 0 | 4 |
_a932.01 _bE31E _221 |
| 245 | 0 | 0 |
_aEgypt, the aegean and the levant : _binterconnections in the second Millennium BC / _ceditado por W. Vivian Davies y Louise Schofield. |
| 264 | 1 |
_aLondon : _bBritish Museum Press, _c1995. |
|
| 300 |
_a156 páginas : _bilustraciones ; _c30 centímetros |
||
| 336 |
_atext _2rdacontent |
||
| 337 |
_aunmediated _2rdamedia |
||
| 338 |
_avolume _2rdacarrier |
||
| 504 | _aBibliografía al final de cada capítulo. | ||
| 505 | 0 | _aMinoan crete and pharaonic Egypt -- Connections between Egypt and the minoan world: new results from tell el-Dab'a/Avaris -- Minoan painting and Egypt: The case of Tell el-Dab'a -- Tell el-Dab'a: the Cypriot connection -- Tell el-Dab'a metalwork: patterns and purpose -- Reflections on the chronology of Tell el-Dab'a -- Egyptian and near eastern imports at late bronze age mycenae -- Stirrup jars at El-Amarna -- Images of Mycenaeans: a recently acquired painted papyrus from El-Amarna -- The origins of Egyptian copper: Lead-Isotope Analysis of metal from El-Amarna -- An aegean presence in Egypto-Canaan -- Ancient Egyptian Timber imports: an analysys of wooden coffins in the british museum. | |
| 526 | _aP136 | ||
| 526 | _aP135 | ||
| 526 | _aP134 | ||
| 526 | _aP133 | ||
| 526 | _aP144 | ||
| 526 | _aP143 | ||
| 526 | _aP87 | ||
| 526 | _aP35 | ||
| 526 | _aP20 | ||
| 526 | _aP14 | ||
| 526 | _aP10 | ||
| 526 | _aP06 | ||
| 650 | 0 | 4 |
_aCivilización, Egea _xCongresos. |
| 650 | 0 | 4 |
_aDabah, Tall al-(Egipto) _zEstados Unidos. |
| 650 | 0 | 4 |
_aEgipto _xCivilización _xInfluencias del Egeo _xCongresos. |
| 650 | 0 | 4 |
_aEgipto _xRelaciones _zRegión del Mar Egeo _xCongresos. |
| 700 | 1 |
_aDavies, W. V., _eeditor. |
|
| 700 | 1 |
_aSchofield, Louise, _eeditor. |
|
| 710 | 2 | _aBritish Museum. Trustees | |
| 942 |
_2ddc _cBOOK |
||
| 949 |
_a932.01 E31E _wDEWEY _c1 _i44955 _d2016-9-9 _e2016-9-6 _lCCODEBUL1 _mBUL _n1 _r0 _sY _tBOOK _u2015-6-24 _xTEOLOGIA _PP35 _0COMPRA _o.STAFF. Colección Teología |
||
| 994 |
_aC0 _bPEPRU |
||
| 596 | _a1 | ||
| 999 |
_a932.01 E31E _wDEWEY _c21830 _i44955 _d21830 _e2016-9-6 _f2021-11-11 _g5 _lCCODEBUL1 _mBUL _n1 _p18.00 _r0 _sY _tBOOK _u2015-6-24 _xTEOLOGIA _PP35 _0COMPRA _o.STAFF. Colección Teología |
||
| 980 |
_81 _gALBERTO SANCHEZ Responsable de Automatización |
||